| 000 | 00408nam a2200157 a 4500 | ||
|---|---|---|---|
| 005 | 20140310183209.0 | ||
| 008 | 030207s19uu xx 00 eng d | ||
| 050 |
_aPZ 7 _b.R823 1974 |
||
| 100 | _aRoss, Paul B. | ||
| 245 |
_aFreebie and the bean / _cPaul B. Ross. |
||
| 260 |
_aNew York ; _bWarner Books, _c1974. |
||
| 300 |
_a174 p. : _c17 cm. |
||
| 650 | _aFiction. | ||
| 942 |
_cBK _2lcc |
||
| 999 |
_c20073 _d20073 |
||